CFA / 2012 Level II. (Record no. 348954)

000 -LEADER
fixed length control field 00438 a2200169 4500
020 ## - INTERNATIONAL STANDARD BOOK NUMBER
International Standard Book Number 9781427736079
022 ## - INTERNATIONAL STANDARD SERIAL NUMBER
International Standard Serial Number 1427736073
082 ## - DEWEY DECIMAL CLASSIFICATION NUMBER
Classification number 332
090 ## - LOCALLY ASSIGNED LC-TYPE CALL NUMBER (OCLC); LOCAL CALL NUMBER (RLIN)
-- 6596
-- 6596
100 ## - MAIN ENTRY--PERSONAL NAME
Personal name Schweser,Kaplan.
245 ## - TITLE STATEMENT
Title CFA / 2012 Level II.
Remainder of title Level I Refresher:Contents.
Statement of responsibility, etc. Schweser,Kaplan.
250 ## - EDITION STATEMENT
Edition statement Level II.
260 ## - PUBLICATION, DISTRIBUTION, ETC.
Place of publication, distribution, etc. America.
Name of publisher, distributor, etc. Kaplan Schweser.
Date of publication, distribution, etc. 2011.
300 ## - PHYSICAL DESCRIPTION
Extent 100p.
500 ## - GENERAL NOTE
General note Paper cover.
942 ## - ADDED ENTRY ELEMENTS (KOHA)
Institution code [OBSOLETE] NBS
Koha item type Book
Call number prefix 332 SCH
Holdings
Withdrawn status Lost status Damaged status Not for loan Permanent Location Current Location Date acquired Total Checkouts Full call number Barcode Date last seen Price effective from Koha item type
        Central Library (CL) Central Library (CL) 08/28/2013   332 SCH NBSP-332 08/28/2013 08/28/2013 Book
© 2023 Central Library, National University of Sciences and Technology. All Rights Reserved.